Major Cities by Their Suburbs #2 - Statistics

General Stats
  • This quiz has been taken 15 times
  • The average score is 10 of 20
Answer Stats
Suburbs Principal City % Correct
Monza, Bergamo, Como Milan
100%
Incheon, Suwon, Yongin Seoul
100%
Pretoria, Soshanguve, Evaton Johannesburg
93%
Quezon City, Caloocan, Taguig Manila
93%
Haarlem, Almere, IJmuiden Amsterdam
87%
Giza, Shubra el-Kheima, Khusus Cairo
87%
Newcastle, Central Coast, Wollongong Sydney
87%
Baerum, Asker, Lillestrom Oslo
53%
Bekasi, Tangerang, Depok Jakarta
47%
Thane, Kalyan-Dombivli, Vasai-Virar City Mumbai
40%
Puente Alto, San Bernardo, Colina Santiago
40%
Ashaiman, Tema, Amanfrom Accra
27%
Blida, Rouiba, Larbaa Algiers
27%
Gazipur, Narayanganj, Savar Dhaka
27%
Gebze, Arnavutkoy, Silivri Istanbul
27%
El Alto, Viacha, Achocalla La Paz
27%
Guadalupe, Ciudad Apodaca, General Escobedo Monterrey
27%
Soyapango, Apopa, Tocanatepeque San Salvador
27%
Bayamon, Carolina, Guaynabo San Juan
20%
Serra, Vila Velha, Cariacica Vitoria
7%
No matching quizzes found
Score Distribution
Percent of People with Each Score
Percentile by Number Answered
Your Score History
You have not taken this quiz